000 01887cam a2200421 i 4500
001 21891794
003 OSt
005 20231206145202.0
008 210204s2020 ii a b 001 0 eng
010 _a 2020330970
020 _a9780190121082
_q(print edition)
020 _a0190121084
_q(print edition)
020 _z9780190992101
_q(ebook)
020 _z0190992107
_q(ebook)
025 _aI-E-2020330970 ; 44-92 ; 101
037 _bLibrary of Congress -- New Delhi Overseas Office
040 _aDLC
_beng
_erda
_cDLC
_dDLC
042 _alcode
_apcc
043 _aa-ii---
050 0 0 _aR605
_b.R3357 2020
082 _a615.53809
_bVAR/A
100 0 _aRāghavavāriyar,
_d1936-
_eauthor.
_99083
245 1 2 _aA brief history of Āyurveda /
_cM.R. Raghava Varier.
250 _aFirst edition.
264 1 _aNew Delhi, India :
_bOxford University Press,
_c2020.
300 _axxx,172 pages :
_billustrations (black and white) ;
_c22 cm
336 _atext
_btxt
_2rdacontent
337 _aunmediated
_bn
_2rdamedia
338 _avolume
_bnc
_2rdacarrier
504 _aIncludes bibliographical references (pages 162-164) and index.
505 0 _aEarly historic phase -- Towards scientific foundations of healing: Buddhist heterodox tradition -- The age of the Samhitas -- Suśrutasamhita -- Samhitas of Bhēḷa, Haritha, and Kasyapa, and other Samhitas -- Ancient Indian medical education -- Regional developments -- Experiment with modernity: the decline and reawakening of Āyurveda.
530 _aAlso available as an e-book.
650 0 _aMedicine, Ayurvedic
_xHistory.
650 0 _aMedicine, Ayurvedic
_xStudy and teaching
_zIndia.
906 _a7
_bcbc
_corigode
_d3
_encip
_f20
_gy-gencatlg
942 _2ddc
_cBK
_h615.53809
_iVAR/A
_k615.53809
_mVAR/A
999 _c43765
_d43765